| Record ID | marc_records_scriblio_net/part18.dat:87761729:648 |
| Source | Scriblio |
| Download Link | /show-records/marc_records_scriblio_net/part18.dat:87761729:648?format=raw |
LEADER: 00648nam 22001697a 4500
001 85207822
003 DLC
005 19891006102830.8
008 850920s1985 rura 00000 rus
010 $a 85207822
050 0 $aMLCS 89/19181 (P)
100 10 $aLukonin, Mikhail Kuzʹmich,$d1918-1976.
240 10 $aPoems.$kSelections
245 10 $aStikhotvorenii︠a︡ i poėmy /$cMikhail Lukonin ; vstupitelʹnai︠a︡ statʹi︠a︡ L.A. Anninskogo ; sostavlenie, podgotovka teksta i primechanii︠a︡ N.G. Zakharenko.
260 0 $aLeningrad :$bSov. pisatelʹ, Leningradskoe otd-nie,$c1985.
300 $a542 p. :$bill. ;$c21 cm.
440 0 $aBiblioteka poėta.$pBolʹshai︠a︡ serii︠a︡